000 00518nam a22001817a 4500
003 OSt
005 20260702130504.0
008 260702b |||||||| |||| 00| 0 eng d
020 _a0-867717-242-8
040 _cChuka University
050 _aLB 1576
_b. L36 1999
100 _aAlan Christopherson
_932712
245 _aLanguage arts 800. Teacher's guide
260 _aArizona
_bAlpha Omega Publications
_c1999
300 _aVarious pagings
650 _aLanguage arts. Teacher's guide
_932713
942 _2lcc
_cSL
_n0
999 _c25968
_d25968